द प्राइस ऑफ लव्ह. (Record no. 1335545)

MARC details
000 -LEADER
fixed length control field 00784nam a2200181Ia 4500
008 - FIXED-LENGTH DATA ELEMENTS--GENERAL INFORMATION
fixed length control field 151202s9999||||xx |||||||||||||| ||und||
082 ## - DEWEY DECIMAL CLASSIFICATION NUMBER
Item number PNVM-69035
100 ## - MAIN ENTRY--PERSONAL NAME
Personal name जेम्स निकोला टी /अनु - टाकळकर मीना.
245 ## - TITLE STATEMENT
Title द प्राइस ऑफ लव्ह.
260 ## - PUBLICATION, DISTRIBUTION, ETC. (IMPRINT)
Name of publisher, distributor, etc "मेहता पब्लिशिंग हाऊस, पुणे."
260 ## - PUBLICATION, DISTRIBUTION, ETC. (IMPRINT)
Date of publication, distribution, etc 69035
300 ## - PHYSICAL DESCRIPTION
Extent 204
600 ## - SUBJECT ADDED ENTRY--PERSONAL NAME
Personal name जेम्स निकोला टी /अनु - टाकळकर मीना.
630 ## - SUBJECT ADDED ENTRY--UNIFORM TITLE
Uniform title द प्राइस ऑफ लव्ह.
700 ## - ADDED ENTRY--PERSONAL NAME
Personal name जेम्स निकोला टी /अनु - टाकळकर मीना.
730 ## - ADDED ENTRY--UNIFORM TITLE
Uniform title द प्राइस ऑफ लव्ह.
942 ## - ADDED ENTRY ELEMENTS (KOHA)
Koha item type Book
Holdings
Withdrawn status Lost status Damaged status Not for loan Home library Current library Date acquired Cost, normal purchase price Total Checkouts Full call number Barcode Date last seen Cost, replacement price Price effective from Koha item type
        Pune Nagar Vachan Mandir, Pune Pune Nagar Vachan Mandir, Pune 06/21/2015 0.00   PNVM-69035 PNVM-69035 12/02/2015 0.00 12/02/2015 Book